[Event "Stay Safe Play From Home 278"]
[Site "Emanuel Lasker Arena"]
[Date "2020.07.05"]
[Round "7"]
[White "Scorpio New"]
[Black "Broken sword"]
[Result "0-1"]
[WhiteElo "2138"]
[BlackElo "2477"]
[PlyCount "100"]
[EventDate "2020.07.05"]
[EventType "swiss (blitz)"]

1. d3 {[%emt 0:00:06]} d5 {[%emt 0:00:02]} 2. Nf3 {[%emt 0:00:00]} c6 {[%emt 0:00:00]} 3. Nbd2 {[%emt 0:00:01]} Nf6 {[%emt 0:00:00]} 4. c3 {[%emt 0:00:00]} Bg4 {[%emt 0:00:01]} 5. Qc2 {[%emt 0:00:00]} Nbd7 {[%emt 0:00:02]} 6. e4 {[%emt 0:00:00]} e6 {[%emt 0:00:00]} 7. h3 {[%emt 0:00:01]} Bh5 {[%emt 0:00:01]} 8. e5 {[%emt 0:00:01]} Ng8 {[%emt 0:00:01]} 9. d4 {[%emt 0:00:00]} Bg6 {[%emt 0:00:01]} 10. Bd3 {[%emt 0:00:00]} Ne7 {[%emt 0:00:00]} 11. Bxg6 {[%emt 0:00:01]} Nxg6 {[%emt 0:00:00]} 12. g4 {[%emt 0:00:01]} Be7 {[%emt 0:00:01]} 13. c4 {[%emt 0:00:02]} dxc4 {[%emt 0:00:01]} 14. Ne4 {[%emt 0:00:01]} Nb6 {[%emt 0:00:02]} 15. a4 {[%emt 0:00:02]} a5 {[%emt 0:00:02]} 16. Bd2 {[%emt 0:00:02]} Bb4 {[%emt 0:00:01]} 17. O-O {[%emt 0:00:02]} h5 {[%emt 0:00:03]} 18. Bxb4 {[%emt 0:00:01]} axb4 {[%emt 0:00:01]} 19. Nd6+ {[%emt 0:00:00]} Kf8 {[%emt 0:00:01]} 20. g5 {[%emt 0:00:02]} Nf4 {[%emt 0:00:04]} 21. Kh2 {[%emt 0:00:02]} Nfd5 {[%emt 0:00:01]} 22. g6 {[%emt 0:00:01]} f6 {[%emt 0:00:02]} 23. a5 {[%emt 0:00:03]} Nc8 {[%emt 0:00:01]} 24. Ne4 {[%emt 0:00:03]} f5 {[%emt 0:00:02]} 25. Neg5 {[%emt 0:00:01]} Qe7 {[%emt 0:00:01]} 26. Qxc4 {[%emt 0:00:02]} Rh6 {[%emt 0:00:02]} 27. a6 {[%emt 0:00:01]} bxa6 {[%emt 0:00:02]} 28. Rxa6 {[%emt 0:00:00]} Rb8 {[%emt 0:00:02]} 29. Rxc6 {[%emt 0:00:01]} Na7 {[%emt 0:00:00]} 30. Rc5 {[%emt 0:00:02]} Rxg6 {[%emt 0:00:01]} 31. Rxd5 {[%emt 0:00:02]} exd5 {[%emt 0:00:02]} 32. Qxd5 {[%emt 0:00:00]} Nb5 {[%emt 0:00:06]} 33. Nh7+ {[%emt 0:00:01]} Ke8 {[%emt 0:00:02]} 34. Qg8+ {[%emt 0:00:05]} Kd7 {[%emt 0:00:00]} 35. d5 {[%emt 0:00:01]} Rxg8 {[%emt 0:00:02]} 36. e6+ {[%emt 0:00:01]} Rxe6 {[%emt 0:00:01]} 37. dxe6+ {[%emt 0:00:00]} Qxe6 {[%emt 0:00:00]} 38. Rd1+ {[%emt 0:00:01]} Kc7 {[%emt 0:00:01]} 39. Re1 {[%emt 0:00:00]} Qd6+ {[%emt 0:00:01]} 40. Kg2 {[%emt 0:00:01]} g5 {[%emt 0:00:00]} 41. Nfxg5 {[%emt 0:00:01]} Rxg5+ {[%emt 0:00:01]} 42. Nxg5 {[%emt 0:00:00]} Qd5+ {[%emt 0:00:01]} 43. Nf3 {[%emt 0:00:01]} Nd4 {[%emt 0:00:00]} 44. Re3 {[%emt 0:00:01]} f4 {[%emt 0:00:01]} 45. Rd3 {[%emt 0:00:01]} Qe4 {[%emt 0:00:00]} 46. Rxd4 {[%emt 0:00:01]} Qg6+ {[%emt 0:00:00]} 47. Kf1 {[%emt 0:00:01]} Qb1+ {[%emt 0:00:01]} 48. Ke2 {[%emt 0:00:00]} Qxb2+ {[%emt 0:00:00]} 49. Kd3 {[%emt 0:00:01]} b3 {[%emt 0:00:00]} 50. Ke4 {[%emt 0:00:00]} Qb1+ {[%emt 0:00:01] ' Tempo (Lag: Av=0.30s, max=1.2s)} 0-1

[Event "Stay Safe Play From Home 278"]
[Site "Emanuel Lasker Arena"]
[Date "2020.07.05"]
[Round "7"]
[White "The Next Contender"]
[Black "Lazieri3"]
[Result "0-1"]
[WhiteElo "2031"]
[BlackElo "2025"]
[PlyCount "132"]
[EventDate "2020.07.05"]
[EventType "swiss (blitz)"]

1. d3 {[%emt 0:00:00]} c6 {[%emt 0:00:00]} 2. Bd2 {[%emt 0:00:01]} d5 {[%emt 0:00:00]} 3. g3 {[%emt 0:00:01]} Nf6 {[%emt 0:00:00]} 4. Bg2 {[%emt 0:00:00]} Bf5 {[%emt 0:00:00]} 5. Nf3 {[%emt 0:00:00]} Qc8 {[%emt 0:00:01]} 6. O-O {[%emt 0:00:01]} Bh3 {[%emt 0:00:00]} 7. c3 {[%emt 0:00:00]} h5 {[%emt 0:00:01]} 8. Bg5 {[%emt 0:00:05]} h4 {[%emt 0:00:02]} 9. Bxh4 {[%emt 0:00:01]} g5 {[%emt 0:00:02]} 10. Bxg5 {[%emt 0:00:01]} Bxg2 {[%emt 0:00:01]} 11. Kxg2 {[%emt 0:00:00]} Qh3+ {[%emt 0:00:01]} 12. Kg1 {[%emt 0:00:00]} Ng4 {[%emt 0:00:01]} 13. Bh4 {[%emt 0:00:04]} e6 {[%emt 0:00:02]} 14. Re1 {[%emt 0:00:01]} Be7 {[%emt 0:00:01]} 15. e4 {[%emt 0:00:09]} Bxh4 {[%emt 0:00:03]} 16. Qe2 {[%emt 0:00:01]} Bf6 {[%emt 0:00:08]} 17. Qf1 {[%emt 0:00:01]} Qh5 {[%emt 0:00:05]} 18. Qg2 {[%emt 0:00:02]} Nd7 {[%emt 0:00:02]} 19. Nbd2 {[%emt 0:00:01]} O-O-O {[%emt 0:00:01]} 20. c4 {[%emt 0:00:02]} Nde5 {[%emt 0:00:01]} 21. cxd5 {[%emt 0:00:01]} Nxd3 {[%emt 0:00:02]} 22. Rf1 {[%emt 0:00:03]} exd5 {[%emt 0:00:03]} 23. exd5 {[%emt 0:00:01]} Rxd5 {[%emt 0:00:01]} 24. Rac1 {[%emt 0:00:01]} Nxc1 {[%emt 0:00:01]} 25. Rxc1 {[%emt 0:00:01]} Nxh2 {[%emt 0:00:02]} 26. Nxh2 {[%emt 0:00:02]} Rxd2 {[%emt 0:00:01]} 27. Rxc6+ {[%emt 0:00:02]} Kb8 {[%emt 0:00:06]} 28. Rxf6 {[%emt 0:00:03]} Rd1+ {[%emt 0:00:03]} 29. Nf1 {[%emt 0:00:01]} Qe2 {[%emt 0:00:04]} 30. Rf3 {[%emt 0:00:04]} Rxf1+ {[%emt 0:00:01]} 31. Qxf1 {[%emt 0:00:01]} Qxf3 {[%emt 0:00:00]} 32. Qg2 {[%emt 0:00:02]} Qxg2+ {[%emt 0:00:01]} 33. Kxg2 {[%emt 0:00:01]} Rc8 {[%emt 0:00:00]} 34. b4 {[%emt 0:00:00]} Rc2 {[%emt 0:00:00]} 35. a4 {[%emt 0:00:00]} Ra2 {[%emt 0:00:00]} 36. a5 {[%emt 0:00:00]} Ra4 {[%emt 0:00:00]} 37. b5 {[%emt 0:00:00]} Rxa5 {[%emt 0:00:01]} 38. b6 {[%emt 0:00:00]} Rb5 {[%emt 0:00:00]} 39. bxa7+ {[%emt 0:00:00]} Kxa7 {[%emt 0:00:00]} 40. Kf3 {[%emt 0:00:00]} Rc5 {[%emt 0:00:00]} 41. Ke3 {[%emt 0:00:00]} b5 {[%emt 0:00:00]} 42. Kd4 {[%emt 0:00:00]} Rc8 {[%emt 0:00:00]} 43. Ke3 {[%emt 0:00:01]} b4 {[%emt 0:00:00]} 44. Kd3 {[%emt 0:00:00]} b3 {[%emt 0:00:00]} 45. Kd2 {[%emt 0:00:00]} b2 {[%emt 0:00:00]} 46. Ke3 {[%emt 0:00:00]} b1=Q {[%emt 0:00:00]} 47. Kf3 {[%emt 0:00:00]} Qh1+ {[%emt 0:00:00]} 48. Kg4 {[%emt 0:00:00]} Rc2 {[%emt 0:00:00]} 49. f4 {[%emt 0:00:00]} Rf2 {[%emt 0:00:00]} 50. Kf5 {[%emt 0:00:00]} Qg2 {[%emt 0:00:00]} 51. g4 {[%emt 0:00:00]} Rf3 {[%emt 0:00:00]} 52. g5 {[%emt 0:00:01]} Qf2 {[%emt 0:00:00]} 53. Kf6 {[%emt 0:00:00]} Rxf4+ {[%emt 0:00:00]} 54. Kg7 {[%emt 0:00:00]} Rg4 {[%emt 0:00:00]} 55. Kh6 {[%emt 0:00:00]} Rxg5 {[%emt 0:00:00]} 56. Kxg5 {[%emt 0:00:01]} f5 {[%emt 0:00:00]} 57. Kf6 {[%emt 0:00:01]} f4 {[%emt 0:00:00]} 58. Ke6 {[%emt 0:00:00]} f3 {[%emt 0:00:00]} 59. Ke5 {[%emt 0:00:00]} Qe3+ {[%emt 0:00:00]} 60. Kd5 {[%emt 0:00:00]} f2 {[%emt 0:00:00]} 61. Kd6 {[%emt 0:00:00]} f1=Q {[%emt 0:00:00]} 62. Kc6 {[%emt 0:00:00]} Qd1 {[%emt 0:00:00]} 63. Kc7 {[%emt 0:00:00]} Qed2 {[%emt 0:00:00]} 64. Kc6 {[%emt 0:00:00]} Q2c2+ {[%emt 0:00:00]} 65. Kb5 {[%emt 0:00:01]} Qdb1+ {[%emt 0:00:00]} 66. Ka5 {[%emt 0:00:00]} Qca2# {[%emt 0:00:00] (Lag: Av=0.82s, max=1.3s)} 0-1

[Event "Stay Safe Play From Home 278"]
[Site "Emanuel Lasker Arena"]
[Date "2020.07.05"]
[Round "7"]
[White "Haxhi Baha"]
[Black "Rogan"]
[Result "1-0"]
[WhiteElo "2006"]
[BlackElo "2236"]
[PlyCount "43"]
[EventDate "2020.07.05"]
[EventType "swiss (blitz)"]

1. e4 {[%emt 0:00:03]} d5 {[%emt 0:00:00]} 2. exd5 {[%emt 0:00:01]} Nf6 {[%emt 0:00:01]} 3. Nc3 {[%emt 0:00:01]} Nxd5 {[%emt 0:00:01]} 4. Qf3 {[%emt 0:00:00]} Nxc3 {[%emt 0:00:02]} 5. dxc3 {[%emt 0:00:00]} Nc6 {[%emt 0:00:01]} 6. Bb5 {[%emt 0:00:02]} Bd7 {[%emt 0:00:01]} 7. Bf4 {[%emt 0:00:02]} g6 {[%emt 0:00:01]} 8. O-O-O {[%emt 0:00:01]} Qc8 {[%emt 0:00:00]} 9. Ne2 {[%emt 0:00:03]} Bg7 {[%emt 0:00:01]} 10. h3 {[%emt 0:00:01]} a6 {[%emt 0:00:02]} 11. Bc4 {[%emt 0:00:02]} O-O {[%emt 0:00:01]} 12. g4 {[%emt 0:00:02]} e5 {[%emt 0:00:00]} 13. Bg5 {[%emt 0:00:02]} b5 {[%emt 0:00:00]} 14. Bd5 {[%emt 0:00:02]} h6 {[%emt 0:00:09]} 15. Bf6 {[%emt 0:00:02]} Na5 {[%emt 0:00:17]} 16. Bxg7 {[%emt 0:00:02]} Kxg7 {[%emt 0:00:01]} 17. Bxa8 {[%emt 0:00:01]} Qxa8 {[%emt 0:00:00]} 18. Qxa8 {[%emt 0:00:01]} Rxa8 {[%emt 0:00:00]} 19. Rxd7 {[%emt 0:00:01]} Nc4 {[%emt 0:00:01]} 20. Ng3 {[%emt 0:00:02]} Re8 {[%emt 0:00:02]} 21. Ne4 {[%emt 0:00:01]} Kg8 {[%emt 0:00:02]} 22. Nf6+ {[%emt 0:00:01] Rogan resigns (Lag: Av=0.64s, max=1.1s)} 1-0

[Event "Stay Safe Play From Home 278"]
[Site "Emanuel Lasker Arena"]
[Date "2020.07.05"]
[Round "7"]
[White "Bardellosport"]
[Black "NeatFox"]
[Result "1-0"]
[WhiteElo "1955"]
[BlackElo "1976"]
[PlyCount "149"]
[EventDate "2020.07.05"]
[EventType "swiss (blitz)"]

1. e4 {[%emt 0:00:01]} b6 {[%emt 0:00:00]} 2. d3 {[%emt 0:00:00]} Bb7 {[%emt 0:00:01]} 3. Nd2 {[%emt 0:00:00]} e5 {[%emt 0:00:00]} 4. Ngf3 {[%emt 0:00:00]} d5 {[%emt 0:00:00]} 5. Be2 {[%emt 0:00:00]} dxe4 {[%emt 0:00:00]} 6. dxe4 {[%emt 0:00:01]} Nf6 {[%emt 0:00:01]} 7. Bd3 {[%emt 0:00:01]} Nc6 {[%emt 0:00:02]} 8. Qe2 {[%emt 0:00:00]} Bd6 {[%emt 0:00:01]} 9. O-O {[%emt 0:00:01]} O-O {[%emt 0:00:00]} 10. c3 {[%emt 0:00:01]} Re8 {[%emt 0:00:00]} 11. Bc2 {[%emt 0:00:01]} Ne7 {[%emt 0:00:01]} 12. Nc4 {[%emt 0:00:01]} Ng6 {[%emt 0:00:00]} 13. Nxd6 {[%emt 0:00:01]} cxd6 {[%emt 0:00:00]} 14. Be3 {[%emt 0:00:01]} Qc7 {[%emt 0:00:00]} 15. Rad1 {[%emt 0:00:01]} Rad8 {[%emt 0:00:01]} 16. g3 {[%emt 0:00:02]} Nxe4 {[%emt 0:00:01]} 17. Ne1 {[%emt 0:00:02]} Nf6 {[%emt 0:00:02]} 18. f3 {[%emt 0:00:01]} d5 {[%emt 0:00:01]} 19. Ng2 {[%emt 0:00:01]} e4 {[%emt 0:00:01]} 20. f4 {[%emt 0:00:01]} Bc6 {[%emt 0:00:02]} 21. Bd4 {[%emt 0:00:01]} Nd7 {[%emt 0:00:01]} 22. Ne3 {[%emt 0:00:01]} Nc5 {[%emt 0:00:01]} 23. f5 {[%emt 0:00:01]} Ne5 {[%emt 0:00:02]} 24. f6 {[%emt 0:00:02]} gxf6 {[%emt 0:00:02]} 25. Rxf6 {[%emt 0:00:02]} Ng6 {[%emt 0:00:02]} 26. Qg4 {[%emt 0:00:03]} Ne6 {[%emt 0:00:02]} 27. Rdf1 {[%emt 0:00:02]} Nxd4 {[%emt 0:00:01]} 28. cxd4 {[%emt 0:00:04]} Bd7 {[%emt 0:00:01]} 29. Qg5 {[%emt 0:00:01]} Kg7 {[%emt 0:00:03]} 30. h4 {[%emt 0:00:01]} Re7 {[%emt 0:00:03]} 31. h5 {[%emt 0:00:01]} Rg8 {[%emt 0:00:01]} 32. hxg6 {[%emt 0:00:02]} hxg6 {[%emt 0:00:00]} 33. Ng4 {[%emt 0:00:03]} Bxg4 {[%emt 0:00:02]} 34. Qxg4 {[%emt 0:00:01]} Rh8 {[%emt 0:00:01]} 35. Qf4 {[%emt 0:00:01]} Qxf4 {[%emt 0:00:01]} 36. R1xf4 {[%emt 0:00:00]} Rh3 {[%emt 0:00:01]} 37. Kg2 {[%emt 0:00:01]} Rh5 {[%emt 0:00:01]} 38. Bb3 {[%emt 0:00:02]} Rd7 {[%emt 0:00:01]} 39. Rf2 {[%emt 0:00:02]} e3 {[%emt 0:00:01]} 40. Re2 {[%emt 0:00:01]} Re7 {[%emt 0:00:01]} 41. Rf3 {[%emt 0:00:01]} f5 {[%emt 0:00:01]} 42. Rfxe3 {[%emt 0:00:01]} Rxe3 {[%emt 0:00:00]} 43. Rxe3 {[%emt 0:00:00]} Kf6 {[%emt 0:00:01]} 44. Bxd5 {[%emt 0:00:01]} f4 {[%emt 0:00:00]} 45. Re6+ {[%emt 0:00:00]} Kf7 {[%emt 0:00:02]} 46. g4 {[%emt 0:00:01]} Rxd5 {[%emt 0:00:00]} 47. Re4 {[%emt 0:00:01]} g5 {[%emt 0:00:01]} 48. Kf3 {[%emt 0:00:00]} Kf6 {[%emt 0:00:01]} 49. Re8 {[%emt 0:00:01]} Rxd4 {[%emt 0:00:01]} 50. Rf8+ {[%emt 0:00:00]} Kg6 {[%emt 0:00:01]} 51. Ra8 {[%emt 0:00:00]} Rd7 {[%emt 0:00:02]} 52. Rg8+ {[%emt 0:00:01]} Kf7 {[%emt 0:00:01]} 53. Ra8 {[%emt 0:00:00]} Rd3+ {[%emt 0:00:01]} 54. Ke2 {[%emt 0:00:01]} Rd7 {[%emt 0:00:00]} 55. Kf3 {[%emt 0:00:01]} Re7 {[%emt 0:00:01]} 56. Rh8 {[%emt 0:00:00]} Kg7 {[%emt 0:00:01]} 57. Rc8 {[%emt 0:00:01]} b5 {[%emt 0:00:00]} 58. Rc3 {[%emt 0:00:00]} a5 {[%emt 0:00:00]} 59. Rc5 {[%emt 0:00:01]} Rb7 {[%emt 0:00:01]} 60. Rxg5+ {[%emt 0:00:00]} Kf6 {[%emt 0:00:00]} 61. Rc5 {[%emt 0:00:01]} Rf7 {[%emt 0:00:00]} 62. Rc2 {[%emt 0:00:00]} Kg5 {[%emt 0:00:00]} 63. Rd2 {[%emt 0:00:00]} Re7 {[%emt 0:00:00]} 64. Rd5+ {[%emt 0:00:00]} Kf6 {[%emt 0:00:01]} 65. Rf5+ {[%emt 0:00:00]} Kg6 {[%emt 0:00:01]} 66. Kxf4 {[%emt 0:00:00]} Re3 {[%emt 0:00:00]} 67. Rg5+ {[%emt 0:00:00]} Kf6 {[%emt 0:00:01]} 68. Rf5+ {[%emt 0:00:00]} Kg6 {[%emt 0:00:01]} 69. Kxe3 {[%emt 0:00:00]} b4 {[%emt 0:00:02]} 70. Kd4 {[%emt 0:00:00]} a4 {[%emt 0:00:00]} 71. b3 {[%emt 0:00:00]} a3 {[%emt 0:00:01]} 72. Kc4 {[%emt 0:00:01]} Kg7 {[%emt 0:00:00]} 73. Kxb4 {[%emt 0:00:00]} Kg6 {[%emt 0:00:00]} 74. Kxa3 {[%emt 0:00:00]} Kg7 {[%emt 0:00:00]} 75. Kb4 {[%emt 0:00:00] (Lag: Av=0.43s, max=0.6s)} 1-0

[Event "Stay Safe Play From Home 278"]
[Site "Emanuel Lasker Arena"]
[Date "2020.07.05"]
[Round "7"]
[White "Robk"]
[Black "Fischer_11"]
[Result "0-1"]
[WhiteElo "1610"]
[BlackElo "2071"]
[Annotator "NA"]
[PlyCount "56"]
[EventDate "2020.07.05"]
[EventType "swiss (blitz)"]

1. e4 {[%emt 0:00:03]} Nf6 {[%emt 0:00:04]} 2. e5 {[%emt 0:00:02]} Nd5 {[%emt 0:00:01]} 3. d4 {[%emt 0:00:01]} d6 {[%emt 0:00:01]} 4. c4 {[%emt 0:00:01]} Nb6 {[%emt 0:00:01]} 5. exd6 {[%emt 0:00:01]} cxd6 {[%emt 0:00:00]} 6. Nf3 {[%emt 0:00:01]} g6 {[%emt 0:00:00]} 7. Nc3 {[%emt 0:00:01]} Bg7 {[%emt 0:00:00]} 8. Be3 {[%emt 0:00:01]} O-O {[%emt 0:00:00]} 9. Be2 {[%emt 0:00:01]} Nc6 {[%emt 0:00:00]} 10. O-O {[%emt 0:00:01]} Bg4 {[%emt 0:00:00]} 11. b3 {[%emt 0:00:02]} d5 {[%emt 0:00:01]} 12. c5 {[%emt 0:00:02]} Nc8 {[%emt 0:00:00]} 13. h3 {[%emt 0:00:02]} Bxf3 {[%emt 0:00:01]} 14. Bxf3 {[%emt 0:00:01]} e6 {[%emt 0:00:00]} 15. Re1 {[%emt 0:00:02]} N8e7 {[%emt 0:00:00]} 16. a3 {[%emt 0:00:04]} Nf5 {[%emt 0:00:01]} 17. Rc1 {[%emt 0:00:02]} Bxd4 {[%emt 0:00:02]} 18. Bxd4 {[%emt 0:00:04]} Nfxd4 {[%emt 0:00:00]} 19. b4 {[%emt 0:00:03]} Nxf3+ {[%emt 0:00:02]} 20. Qxf3 {[%emt 0:00:02]} Kg7 {[%emt 0:00:01]} 21. Ne2 {[%emt 0:00:04]} Qf6 {[%emt 0:00:01]} 22. Qxf6+ {[%emt 0:00:02]} Kxf6 {[%emt 0:00:00]} 23. Rcd1 {[%emt 0:00:04]} Ne5 {[%emt 0:00:02]} 24. Nd4 {[%emt 0:00:04]} Nc4 {[%emt 0:00:01]} 25. a4 {[%emt 0:00:03]} a6 {[%emt 0:00:00]} 26. b5 {[%emt 0:00:02]} axb5 {[%emt 0:00:01]} 27. axb5 {[%emt 0:00:02]} Rfc8 {[%emt 0:00:00]} 28. c6 {[%emt 0:00:01]} bxc6 {[%emt 0:00:00] Time (Lag: Av=0.44s, max=0.6s)} 0-1

[Event "Stay Safe Play From Home 278"]
[Site "Emanuel Lasker Arena"]
[Date "2020.07.05"]
[Round "8"]
[White "Broken sword"]
[Black "Haxhi Baha"]
[Result "1-0"]
[WhiteElo "2481"]
[BlackElo "2032"]
[PlyCount "83"]
[EventDate "2020.07.05"]
[EventType "swiss (blitz)"]

1. d4 {[%emt 0:00:01]} d5 {[%emt 0:00:01]} 2. Nf3 {[%emt 0:00:00]} e6 {[%emt 0:00:01]} 3. c4 {[%emt 0:00:00]} Bd6 {[%emt 0:00:01]} 4. cxd5 {[%emt 0:00:00]} exd5 {[%emt 0:00:00]} 5. Nc3 {[%emt 0:00:00]} c6 {[%emt 0:00:00]} 6. Bg5 {[%emt 0:00:01]} Nf6 {[%emt 0:00:02]} 7. Bh4 {[%emt 0:00:00]} h6 {[%emt 0:00:01]} 8. e3 {[%emt 0:00:01]} Bg4 {[%emt 0:00:01]} 9. Bd3 {[%emt 0:00:01]} Nbd7 {[%emt 0:00:01]} 10. Qc2 {[%emt 0:00:00]} O-O {[%emt 0:00:02]} 11. Bg3 {[%emt 0:00:00]} Bxg3 {[%emt 0:00:02]} 12. hxg3 {[%emt 0:00:00]} Re8 {[%emt 0:00:03]} 13. O-O-O {[%emt 0:00:02]} b5 {[%emt 0:00:01]} 14. Kb1 {[%emt 0:00:01]} Qa5 {[%emt 0:00:01]} 15. Rh4 {[%emt 0:00:03]} Nb6 {[%emt 0:00:03]} 16. Ne2 {[%emt 0:00:02]} Nc4 {[%emt 0:00:01]} 17. Bxc4 {[%emt 0:00:01]} bxc4 {[%emt 0:00:00]} 18. Qc3 {[%emt 0:00:00]} Qb5 {[%emt 0:00:03]} 19. Qc2 {[%emt 0:00:02]} Rab8 {[%emt 0:00:03]} 20. Nc3 {[%emt 0:00:01]} Qb4 {[%emt 0:00:03]} 21. Ne5 {[%emt 0:00:01]} Bf5 {[%emt 0:00:03]} 22. e4 {[%emt 0:00:02]} dxe4 {[%emt 0:00:02]} 23. Nxc6 {[%emt 0:00:02]} Qb6 {[%emt 0:00:03]} 24. Nxb8 {[%emt 0:00:01]} Rxb8 {[%emt 0:00:00]} 25. Ka1 {[%emt 0:00:01]} e3 {[%emt 0:00:02]} 26. Qc1 {[%emt 0:00:00]} exf2 {[%emt 0:00:03]} 27. Rf1 {[%emt 0:00:01]} Ng4 {[%emt 0:00:05]} 28. Rxg4 {[%emt 0:00:04]} Bxg4 {[%emt 0:00:00]} 29. Rxf2 {[%emt 0:00:01]} Qxd4 {[%emt 0:00:01]} 30. Rf1 {[%emt 0:00:00]} Qd3 {[%emt 0:00:02]} 31. Re1 {[%emt 0:00:01]} Bf5 {[%emt 0:00:01]} 32. Rd1 {[%emt 0:00:01]} Qxg3 {[%emt 0:00:02]} 33. Rf1 {[%emt 0:00:02]} Bg6 {[%emt 0:00:01]} 34. Rg1 {[%emt 0:00:01]} Re8 {[%emt 0:00:01]} 35. a3 {[%emt 0:00:02]} Re3 {[%emt 0:00:01]} 36. Rd1 {[%emt 0:00:01]} Qxg2 {[%emt 0:00:02]} 37. Re1 {[%emt 0:00:03]} Rxe1 {[%emt 0:00:01]} 38. Qxe1 {[%emt 0:00:00]} Qc2 {[%emt 0:00:01]} 39. Nd5 {[%emt 0:00:01]} Kh7 {[%emt 0:00:00]} 40. Nf4 {[%emt 0:00:02]} c3 {[%emt 0:00:01]} 41. Nxg6 {[%emt 0:00:01]} cxb2+ {[%emt 0:00:01]} 42. Ka2 {[%emt 0:00:02] (Lag: Av=0.83s, max=1.8s)} 1-0

[Event "Stay Safe Play From Home 278"]
[Site "Emanuel Lasker Arena"]
[Date "2020.07.05"]
[Round "8"]
[White "BrainThinker22"]
[Black "Scorpio New"]
[Result "1-0"]
[WhiteElo "2399"]
[BlackElo "2134"]
[Annotator "NA"]
[PlyCount "69"]
[EventDate "2020.07.05"]
[EventType "swiss (blitz)"]

1. e4 {[%emt 0:00:01]} d6 {[%emt 0:00:00]} 2. Nc3 {[%emt 0:00:00]} Nf6 {[%emt 0:00:00]} 3. g3 {[%emt 0:00:00]} Bg4 {[%emt 0:00:01]} 4. f3 {[%emt 0:00:01]} Bc8 {[%emt 0:00:01]} 5. Bg2 {[%emt 0:00:00]} Nbd7 {[%emt 0:00:00]} 6. Nge2 {[%emt 0:00:00]} g6 {[%emt 0:00:00]} 7. d3 {[%emt 0:00:00]} Bg7 {[%emt 0:00:00]} 8. O-O {[%emt 0:00:00]} O-O {[%emt 0:00:00]} 9. f4 {[%emt 0:00:00]} c6 {[%emt 0:00:00]} 10. h3 {[%emt 0:00:00]} e5 {[%emt 0:00:00]} 11. Be3 {[%emt 0:00:00]} Qc7 {[%emt 0:00:01]} 12. Qd2 {[%emt 0:00:00]} b5 {[%emt 0:00:01]} 13. f5 {[%emt 0:00:00]} b4 {[%emt 0:00:01]} 14. Nd1 {[%emt 0:00:00]} a5 {[%emt 0:00:00]} 15. g4 {[%emt 0:00:00]} d5 {[%emt 0:00:01]} 16. Ng3 {[%emt 0:00:01]} dxe4 {[%emt 0:00:01]} 17. dxe4 {[%emt 0:00:01]} Re8 {[%emt 0:00:00]} 18. g5 {[%emt 0:00:01]} Nh5 {[%emt 0:00:01]} 19. Nxh5 {[%emt 0:00:00]} gxh5 {[%emt 0:00:00]} 20. Qe2 {[%emt 0:00:00]} h4 {[%emt 0:00:02]} 21. f6 {[%emt 0:00:01]} Bf8 {[%emt 0:00:01]} 22. Qh5 {[%emt 0:00:01]} Nc5 {[%emt 0:00:01]} 23. Qxh4 {[%emt 0:00:03]} Ne6 {[%emt 0:00:01]} 24. Nf2 {[%emt 0:00:02]} Nf4 {[%emt 0:00:01]} 25. Bxf4 {[%emt 0:00:01]} exf4 {[%emt 0:00:00]} 26. Ng4 {[%emt 0:00:00]} Rxe4 {[%emt 0:00:02]} 27. Bxe4 {[%emt 0:00:01]} Bxg4 {[%emt 0:00:03]} 28. Qxg4 {[%emt 0:00:00]} Rd8 {[%emt 0:00:01]} 29. Rad1 {[%emt 0:00:01]} Rxd1 {[%emt 0:00:03]} 30. Rxd1 {[%emt 0:00:00]} Qb6+ {[%emt 0:00:00]} 31. Kg2 {[%emt 0:00:01]} Qe3 {[%emt 0:00:01]} 32. Qf3 {[%emt 0:00:00]} Qc5 {[%emt 0:00:02]} 33. Rd8 {[%emt 0:00:01]} Qxg5+ {[%emt 0:00:02]} 34. Qg4 {[%emt 0:00:01]} Qxg4+ {[%emt 0:00:01]} 35. hxg4 {[%emt 0:00:00] Scorpio New abbandona (Lag: Av=0.48s, max=0.9s)} 1-0